| 000 | 00584nam a2200193 a 4500 | ||
|---|---|---|---|
| 005 | 20140412111249.0 | ||
| 008 | 060117s19uu xx 00 eng d | ||
| 020 | _a0-688-15470-0 | ||
| 050 |
_aTR(PS E _bGr89 1987 |
||
| 100 | _aCleary, Beverly | ||
| 245 |
_aThe growing - up feet / _cBeverly Cleary. |
||
| 260 |
_aNew York : _bMulberry books, _c1987. |
||
| 300 | _a31 | ||
| 520 | _aThe twins' feet haven't "grown up" enough for new shoes, so they get bright boots instead. | ||
| 650 | _aShoes - fiction | ||
| 650 | _aboots-fiction | ||
| 650 | _aTwins-fiction | ||
| 999 |
_c103069 _d103069 |
||